000 00664nam a2200265Ia 4500
003 OSt
005 20220918214213.0
006 a|||||r|||| 00| 0
007 ta
008 220917b |||||||| |||| 00| 0 eng d
024 _a136,279
037 _cTextual
040 _aARTS
_cARTS
_beng
041 _2eng
_aeng
082 _aX:8Kd, K5
100 _aKapoor H L
_982585
245 0 _aKapoor's ready reckoner
250 _a4th
260 _aDelhi
_bP,J Kapoor
_c1965
300 _a241p.
_ccm.
650 _aECONOMICS
700 _a Kapoor J L
_9130208
942 _hX:8Kd, K5
_cTEXL
_2CC
999 _c259369
_d259369